| 000 | 00622nam a2200193 a 4500 | ||
|---|---|---|---|
| 005 | 20240601063645.0 | ||
| 008 | 991125s1971 ag 000 0 spa u | ||
| 035 | _aUPN01000008878 | ||
| 049 | _aCG | ||
| 050 | 4 |
_aLB1051 _bC3.28 |
|
| 100 | 1 | _aCarpenter, Finley | |
| 245 | 1 | 0 |
_aCómo aplicar la psicología a la educación / _cFinley Carpenter y Eugene E. Haddan ; tr. de Mónica Stein. |
| 260 |
_aBuenos Aires : _bPaidós, _c1971. |
||
| 300 | _a252 p. | ||
| 440 | 0 |
_aBiblioteca del educador contemporáneo. _pSerie mayor ; _v24 |
|
| 650 | 4 |
_aPsicopedagogía _95085 |
|
| 700 | 1 |
_aHaddan, Eugene E., _ecoaut. |
|
| 905 | _aLibro | ||
| 999 |
_c8878 _d8878 |
||